PENGURUSAN / (Record no. 26947)

MARC details
000 -LEADER
fixed length control field 00691nam a2200253 i 4500
001 - CONTROL NUMBER
control field C2-0108730
003 - CONTROL NUMBER IDENTIFIER
control field PPAK
005 - DATE AND TIME OF LATEST TRANSACTION
control field 20220823145748.0
008 - FIXED-LENGTH DATA ELEMENTS--GENERAL INFORMATION
fixed length control field 970621s1981 my g | 0 may d
020 ## - INTERNATIONAL STANDARD BOOK NUMBER
Qualifying information paperback
040 ## - CATALOGING SOURCE
Original cataloging agency PPAK
Language of cataloging eng
Transcribing agency PPAK
Description conventions rda
082 04 - DEWEY DECIMAL CLASSIFICATION NUMBER
Edition number 23
Classification number 658
090 00 - LOCALLY ASSIGNED LC-TYPE CALL NUMBER (OCLC); LOCAL CALL NUMBER (RLIN)
Classification number (OCLC) (R) ; Classification number, CALL (RLIN) (NR) 658
Feature heading AZM
Feature heading KK
Classification number (OCLC) (R) ; Classification number, CALL (RLIN) (NR) 658
Feature heading WAN
Feature heading KMI
100 0# - MAIN ENTRY--PERSONAL NAME
Personal name Wan Azmi Ramli,
Relator term author.
245 10 - TITLE STATEMENT
Title PENGURUSAN /
Statement of responsibility, etc. WAN AZMI RAMLI
264 #1 - PRODUCTION, PUBLICATION, DISTRIBUTION, MANUFACTURE, AND COPYRIGHT NOTICE
Place of production, publication, distribution, manufacture Kuala Lumpur :
Name of producer, publisher, distributor, manufacturer UTUSAN PUBLICATIONS & DISTRIBUTORS SDN. BHD.,
Date of production, publication, distribution, manufacture, or copyright notice 1981
300 ## - PHYSICAL DESCRIPTION
Extent xi, 243 pages ;
Dimensions 21 cm.
336 ## - CONTENT TYPE
Source rdacontent
Content type term text
337 ## - MEDIA TYPE
Source rdamedia
Media type term unmediated
338 ## - CARRIER TYPE
Source rdacarrier
Carrier type term volume
650 10 - SUBJECT ADDED ENTRY--TOPICAL TERM
Topical term or geographic name entry element Management
942 ## - ADDED ENTRY ELEMENTS (KOHA)
Koha item type Book
Source of classification or shelving scheme Dewey Decimal Classification
Holdings
Withdrawn Not for loan Current library Shelving location Date acquired Full call number Barcode Date last seen Koha item type Total Checkouts
  Not For Loan Perpustakaan Alor Setar Koleksi Kedah 01/03/1998 KK 658 AZM A00151354 08/05/2018 Book  
  Not For Loan Perpustakaan Alor Setar Koleksi Kedah 01/03/1998 KK 658 AZM A00151353 08/05/2018 Book  
  Not For Loan Perpustakaan Alor Setar Koleksi Kedah 15/02/2022 KK 658 AZM A00153589 15/02/2022 Book  
  Not For Loan Perpustakaan Alor Setar Koleksi Prof. Dr. Muhammad Isa Othman 03/01/2023 KMI 658 WAN A00384789 03/01/2023 Book